02017nam a22002297a 450000500170000000800410001702000180005804000070007604100080008308200200009110000270011124500720013826000410021030000270025136500680027852013370034665000210168365000180170470000180172270000280174070000190176820220910115448.0220910b ||||| |||| 00| 0 eng d a9789355322296 cAL aeng 223a351.3bSHAG aArun Sharma and others aGeneral studies for civil services preliminary examination Paper II aChennaibMcGraw Hill Educationc2022 axx,808p.bPBc26x20cm. 2Competitive Examsa4012b1356.00c₹d1695.00e20%f05-09-2022 aThe comprehensively revised edition of General Studies Paper II is exclusively created as per the latest UPSC Preliminary examination. This edition focuses on providing quality content with the coverage of complete syllabus prescribed by the UPSC for Preliminary examination. This title comes with outstanding content quality, updated exercises and facts and trend questions based on a carefully structured analysis of previous year’s question Paper and the emerging trends. The book is as per the changed examination pattern with excellent quality, updated data and questions based on a carefully structured analysis of previous year’s question papers and the emerging trends. Each topic is dealt with separately, with inputs on how to prepare, supported by multiple-choice questions, with answers, for sufficient practice. This title is also useful for other State Civil Services Examination. Salient Features: 1. Comprehensive coverage of the syllabus of UPSC and other State Civil Services examinations, with accuracy of content 2. Thoroughly revised sections for comprehensive coverage of each part of syllabus 3. Solved paper of 2022 Civil Services Preliminary examination and 15 Model Test Papers for more practice 4. Online link with previous years’ solved papers (2016-2021) and web supplement as additional resource aCompetitive Exam aCivil Service aSHARMA (Arun) aBHAGAT (Madhukar Kumar) aGUHA (Abhijit)